|
|
|
|
| LEADER |
00000nam2a2200000 4500 |
| 001 |
94596 |
| 005 |
20231031105714.0 |
| 035 |
|
|
|a (RuTPU)RU\TPU\book\101335
|
| 090 |
|
|
|a 94596
|
| 100 |
|
|
|a 20060413d1971 m y0rusy50 ca
|
| 101 |
0 |
|
|a rus
|
| 102 |
|
|
|a RU
|
| 105 |
|
|
|a a j 000zy
|
| 200 |
0 |
|
|a Ч. 1 : Механика и молекулярная физика
|
| 210 |
|
|
|d 1971
|
| 215 |
|
|
|a 463 с.
|c ил.
|
| 461 |
|
1 |
|0 (RuTPU)RU\TPU\book\101580
|t Курс физики
|o учебное пособие: в 2 ч.
|f Л. С. Жданов, В. А. Маранджян
|v Ч. 1 : Механика и молекулярная физика
|e 4-е изд., стереотип.
|d 1971-
|
| 610 |
1 |
|
|a механика
|
| 610 |
1 |
|
|a молекулярная физика
|
| 610 |
1 |
|
|a учебные пособия
|
| 610 |
1 |
|
|a физика
|
| 610 |
1 |
|
|a физические величины
|
| 610 |
1 |
|
|a кинетика
|
| 610 |
1 |
|
|a динамика
|
| 610 |
1 |
|
|a статика
|
| 610 |
1 |
|
|a деформация
|
| 610 |
1 |
|
|a тяготение
|
| 610 |
1 |
|
|a колебания
|
| 610 |
1 |
|
|a звук
|
| 610 |
1 |
|
|a газы
|
| 610 |
1 |
|
|a двигатели
|
| 801 |
|
1 |
|a RU
|b 63413507
|c 20060413
|g PSBO
|
| 801 |
|
2 |
|a RU
|b 63413507
|c 20060417
|g PSBO
|
| 942 |
|
|
|c BK
|